[Event "IECG QN.2004.0.00315 email"]
[Site "IECG email"]
[Date "2004.03.11"]
[Round "?"]
[White "Venturas, Bob"]
[Black "Cox, Daniel E"]
[Result "1-0"]
[WhiteElo "577"]
[BlackElo "812"]
[PlyCount "55"]
[EventDate "2004.03.11"]
[EventType "tourn (corr)"]
[EventRounds "6"]
[SourceTitle "Corr 2008"]
[Source "ChessBase"]
[SourceDate "2008.06.24"]
[SourceVersion "1"]
[SourceVersionDate "2008.06.24"]
[SourceQuality "1"]

1. e4 e5 2. Nf3 Nc6 3. c3 Nf6 4. d3 Bc5 5. h3 0-0 6. g4 d6 7. g5 Nd7 8. b4 Bb6 9. a4 f6 10. a5 Bxf2+ 11. Kxf2 b6 12. a6 fxg5 13. b5 Na5 14. Rg1 Nb3 15. Qxb3+ Kh8 16. Bxg5 Qe8 17. Rg3 Nc5 18. Qd1 Qh5 19. Nbd2 h6 20. Be3 Nxd3+ 21. Bxd3 Bxh3 22. Qh1 Bg4 23. Qxh5 Bxh5 24. Rh1 g6 25. Bxh6 Rf7 26. Be2 Kh7 27. Be3 Raf8 28. Kg2 1-0

[Event "IECG QN.2003.0.00295 email "]
[Site "IECG email"]
[Date "2003.10.14"]
[Round "?"]
[White "Cox, Daniel E"]
[Black "Harper, Roy"]
[Result "0-1"]
[WhiteElo "916"]
[BlackElo "971"]
[PlyCount "46"]
[EventDate "2003.10.14"]
[EventType "tourn (corr)"]
[EventRounds "6"]
[SourceTitle "Corr 2008"]
[Source "ChessBase"]
[SourceDate "2008.06.24"]
[SourceVersion "1"]
[SourceVersionDate "2008.06.24"]
[SourceQuality "1"]

1. e4 e5 2. Nf3 Nc6 3. Nc3 Nf6 4. Bc4 Bc5 5. 0-0 d6 6. d3 Bg4 7. h3 Bxf3 8. Qxf3 Nd4 9. b3 Nxf3+ 10. gxf3 Bd4 11. Bd2 Nh5 12. Be3 Bxe3 13. fxe3 Qg5+ 14. Kh2 Qg3+ 15. Kh1 Qxh3+ 16. Kg1 Ng3 17. Kf2 Qh2+ 18. Ke1 Nxf1 19. Kxf1 Qh1+ 20. Ke2 Qxa1 21. Kd2 Qh1 22. Nb5 0-0-0 23. Bxf7 Qxf3 0-1

[Event "IECG QN.2003.0.00295 email "]
[Site "IECG email"]
[Date "2003.10.14"]
[Round "?"]
[White "Cox, Daniel E"]
[Black "Venturas, Bob"]
[Result "1-0"]
[WhiteElo "916"]
[BlackElo "590"]
[PlyCount "62"]
[EventDate "2003.10.14"]
[EventType "tourn (corr)"]
[EventRounds "6"]
[SourceTitle "Corr 2008"]
[Source "ChessBase"]
[SourceDate "2008.06.24"]
[SourceVersion "1"]
[SourceVersionDate "2008.06.24"]
[SourceQuality "1"]

1. e4 e5 2. Nf3 Qf6 3. d4 d6 4. Bg5 Qe6 5. Bh4 h6 6. d5 Qg4 7. Qd3 Be7 8. Nc3 a6 9. h3 Qd7 10. 0-0-0 Bxh4 11. Nxh4 c6 12. dxc6 Nxc6 13. Be2 Nf6 14. Nf5 0-0 15. Qg3 g6 16. Bc4 Kh7 17. Nxd6 Qc7 18. Qh4 Kg7 19. f4 Kh7 20. g4 Qe7 21. g5 Nh5 22. Nd5 Qd8 23. Nb6 Qxb6 24. Bxf7 Nd4 25. f5 Qxd6 26. Bxg6+ Kg8 27. Bxh5 Qe7 28. f6 Qe6 29. gxh6 Rxf6 30. Rhg1+ Kh7 31. Qg5 Ne2+ 1-0

[Event "IECG QN.2003.0.00278 email "]
[Site "IECG email"]
[Date "2003.06.19"]
[Round "?"]
[White "Cox, Daniel E"]
[Black "Navas, Denis"]
[Result "0-1"]
[WhiteElo "942"]
[BlackElo "971"]
[PlyCount "110"]
[EventDate "2003.06.19"]
[EventType "tourn (corr)"]
[EventRounds "6"]
[SourceTitle "Corr 2008"]
[Source "ChessBase"]
[SourceDate "2008.06.24"]
[SourceVersion "1"]
[SourceVersionDate "2008.06.24"]
[SourceQuality "1"]

1. d4 Nf6 2. Nf3 e6 3. Nc3 Bb4 4. a3 Bxc3+ 5. bxc3 d5 6. e3 b6 7. Bd3 Bb7 8. 0-0 0-0 9. c4 c6 10. cxd5 cxd5 11. Ng5 h6 12. Nh3 Ba6 13. Nf4 Bxd3 14. Qxd3 Nc6 15. a4 Rc8 16. Ba3 Re8 17. Rab1 e5 18. dxe5 Nxe5 19. Qb3 Nc4 20. Bb4 a5 21. Bc3 Ne4 22. Bd4 Ncd2 23. Qxb6 Qxb6 24. Bxb6 Nxf1 25. Rxf1 Rxc2 26. Nh3 Ra8 27. f3 Nc3 28. Ra1 Ra6 29. Bc5 Ne2+ 30. Kf2 Nc1+ 31. Kf1 Rxc5 32. Rb1 g5 33. f4 f6 34. Rb8+ Kg7 35. Ke1 Ra7 36. g3 g4 37. Nf2 h5 38. e4 d4 39. h3 h4 40. gxh4 g3 41. Ng4 Rc2 42. h5 g2 43. Kd1 Rac7 44. h6+ Kg6 45. Rg8+ Kh5 46. Nxf6+ Kh4 47. Rg4+ Kxh3 48. h7 Rxh7 49. Kxc2 Rc7+ 50. Kd2 Nb3+ 51. Ke2 Rc2+ 52. Kf3 Nd2+ 53. Ke2 Nf1+ 54. Ke1 d3 55. Kd1 Ng3 0-1

[Event "IECG QN.2003.0.00278 email "]
[Site "IECG email"]
[Date "2003.06.19"]
[Round "?"]
[White "Cox, Daniel E"]
[Black "Simoni, William"]
[Result "0-1"]
[WhiteElo "942"]
[BlackElo "938"]
[PlyCount "76"]
[EventDate "2003.06.19"]
[EventType "tourn (corr)"]
[EventRounds "6"]
[SourceTitle "Corr 2008"]
[Source "ChessBase"]
[SourceDate "2008.06.24"]
[SourceVersion "1"]
[SourceVersionDate "2008.06.24"]
[SourceQuality "1"]

1. e4 e5 2. Nf3 Nc6 3. Nc3 Nf6 4. Bc4 Bb4 5. a3 Bxc3 6. dxc3 Nxe4 7. 0-0 Nd6 8. Nxe5 Nxe5 9. Bb3 0-0 10. Qh5 Qf6 11. Re1 Re8 12. Be3 Qf5 13. Qxf5 Nxf5 14. Bf4 d6 15. Re2 Bd7 16. Rae1 Ng6 17. Bd2 Rxe2 18. Rxe2 Re8 19. Re1 Rxe1+ 20. Bxe1 Be6 21. c4 Nd4 22. Ba4 Ne5 23. f3 Nxc4 24. Bc3 Ne2+ 25. Kf2 Nxc3 26. bxc3 Nxa3 27. g4 a6 28. h3 b5 29. Bb3 Bxb3 30. cxb3 Nb1 31. Ke3 Nxc3 32. Kd3 b4 33. Kc4 c5 34. f4 f6 35. f5 a5 36. h4 a4 37. bxa4 Nxa4 38. Kb5 b3 0-1

[Event "IECG QN.2003.0.00278 email "]
[Site "IECG email"]
[Date "2003.06.19"]
[Round "?"]
[White "Simoni, William"]
[Black "Cox, Daniel E"]
[Result "1-0"]
[WhiteElo "938"]
[BlackElo "942"]
[PlyCount "27"]
[EventDate "2003.06.19"]
[EventType "tourn (corr)"]
[EventRounds "6"]
[SourceTitle "Corr 2008"]
[Source "ChessBase"]
[SourceDate "2008.06.24"]
[SourceVersion "1"]
[SourceVersionDate "2008.06.24"]
[SourceQuality "1"]

1. e4 e5 2. Nf3 Nf6 3. Nxe5 Qe7 4. d4 d5 5. exd5 Nxd5 6. Bc4 Be6 7. 0-0 f6 8. Qh5+ g6 9. Nxg6 Qf7 10. Re1 Qxg6 11. Qxd5 f5 12. Rxe6+ Kf7 13. Rd6+ Kg7 14. Qe5+ 1-0

[Event "IECG QF.2002.0.00025"]
[Site "IECG email"]
[Date "2002.10.03"]
[Round "?"]
[White "Cox, Daniel E"]
[Black "Venturas, Bob"]
[Result "0-1"]
[WhiteElo "1000"]
[BlackElo "713"]
[PlyCount "122"]
[EventDate "2002.10.03"]
[EventType "tourn (corr)"]
[EventRounds "6"]
[SourceTitle "Corr 2024"]
[Source "ChessBase"]
[SourceDate "2023.10.19"]
[SourceVersion "1"]
[SourceVersionDate "2023.10.19"]
[SourceQuality "1"]

1. d4 d5 2. Nc3 Nc6 3. Nf3 Bg4 4. e3 a6 5. Bd3 Nf6 6. 0-0 Qd7 7. e4 Nxd4 8. exd5 Nxd5 9. h3 Nxf3+ 10. gxf3 Bxh3 11. Re1 Nf6 12. Bf4 e6 13. Qe2 Qd4 14. Qd2 Rd8 15. Rad1 Be7 16. Kh2 Bf5 17. Bxf5 Qxd2 18. Rxd2 Rxd2 19. Bxd2 exf5 20. Re5 Nd7 21. Rxf5 0-0 22. Nd5 Bd6+ 23. Kg2 Re8 24. Kf1 Ne5 25. f4 Ng6 26. c4 c6 27. Nb6 Re4 28. b3 Bxf4 29. Bb4 Nh4 30. Rh5 Bh6 31. Nd7 b5 32. Nc5 Rg4 33. Re5 Rg1+ 34. Ke2 Ng6 35. Re8+ Nf8 36. Nd7 g6 37. Rxf8+ Bxf8 38. Nxf8 Ra1 39. a3 a5 40. Bc5 h5 41. Nd7 Rb1 42. Ne5 Rxb3 43. Nxc6 bxc4 44. Nxa5 Rb5 45. Bb4 Kh7 46. f4 f5 47. Kf2 h4 48. Kg2 Kh6 49. Nxc4 Rb8 50. Nd6 Kh5 51. Nf7 Rb7 52. Ne5 Rb5 53. Kh2 g5 54. Nd3 g4 55. a4 Rd5 56. Ne5 Rd4 57. Nc6 g3+ 58. Kh3 Rxf4 59. Kg2 Rc4 60. a5 Rxc6 61. Kf3 Rc4 0-1

[Event "Detroit op"]
[Site "Detroit"]
[Date "2002.05.25"]
[Round "1"]
[White "Cox, Daniel E"]
[Black "Holden, Anthony"]
[Result "0-1"]
[WhiteElo "825"]
[BlackElo "1477"]
[PlyCount "72"]
[EventDate "2002.05.25"]
[EventType "swiss"]
[EventRounds "5"]
[EventCountry "USA"]
[SourceTitle "EXT 2007"]
[Source "ChessBase"]
[SourceDate "2006.11.23"]
[SourceVersion "1"]
[SourceVersionDate "2006.11.23"]
[SourceQuality "1"]

1. e4 c5 2. Nf3 e5 3. Nxe5 Qe7 4. Nf3 d5 5. Bb5+ Nc6 6. 0-0 dxe4 7. Ne1 Qd6 8. d3 f5 9. f4 Be6 10. Bd2 0-0-0 11. Qe2 Nd4 12. Qe3 Nxb5 13. dxe4 fxe4 14. Qxe4 Qd4+ 15. Qxd4 Nxd4 16. c3 Nf5 17. Nf3 Ngh6 18. b4 Ng4 19. a4 h5 20. h3 Nf6 21. Na3 Bd6 22. c4 cxb4 23. Nb5 Bc5+ 24. Kh2 g6 25. Nxa7+ Bxa7 26. Bxb4 Kb8 27. c5 Bd5 28. Ne5 Rhe8 29. Ba5 Rc8 30. c6 Bxc6 31. Nd3 Ne3 32. Rfc1 Bxg2 33. Rcb1 Rc2 34. Ne1 Re2 35. Nxg2 Rxg2+ 36. Kh1 Ne4 0-1

[Event "Lansing op"]
[Site "Lansing"]
[Date "2001.09.01"]
[Round "1"]
[White "Cox, Daniel E"]
[Black "Smith, Tim"]
[Result "1-0"]
[WhiteElo "883"]
[BlackElo "1260"]
[PlyCount "86"]
[EventDate "2001.08.31"]
[EventType "swiss"]
[EventRounds "7"]
[EventCountry "USA"]
[SourceTitle "EXT 2007"]
[Source "ChessBase"]
[SourceDate "2006.11.23"]
[SourceVersion "1"]
[SourceVersionDate "2006.11.23"]
[SourceQuality "1"]

1. e4 e5 2. Nc3 Nf6 3. Nf3 Bc5 4. d4 Bxd4 5. Nxd4 exd4 6. Qxd4 Nc6 7. Qd1 0-0 8. Bd3 d5 9. 0-0 dxe4 10. Nxe4 Re8 11. Bg5 Ne5 12. Bxf6 gxf6 13. Re1 Bg4 14. f3 Qd4+ 15. Nf2 Bh5 16. c3 Qf4 17. Re4 Qh6 18. Bc2 f5 19. Rd4 Qe3 20. Qd2 Qxd2 21. Rxd2 Rad8 22. Nd3 Nxd3 23. Bxd3 Re3 24. Rad1 Bg6 25. f4 Bh5 26. Kf2 Rde8 27. Rc1 R8e7 28. Rcc2 Re1 29. Be2 R1xe2+ 30. Rxe2 Rxe2+ 31. Rxe2 Bxe2 32. Kxe2 Kf8 33. Ke3 Ke7 34. Kd4 Kd6 35. c4 c5+ 36. Kd3 Kc6 37. h3 h5 38. Ke3 Kd6 39. Kf3 Ke6 40. g4 fxg4+ 41. hxg4 hxg4+ 42. Kxg4 f5+ 43. Kg5 b6 1-0